000 00866nam a22002417a 4500
999 _c160969
_d160969
005 20190809131519.0
010 _a1819CHEN B-718461-481
020 _a9788129147370
_c295.00
035 _aB-718461-481
035 _aB-728553
037 _bPansy Books
082 _a230.31
100 _aSen Gupta, Subhadra
245 _aVishnu /
_cby Subhadra Sen Gupta ; illustrated by Tapas Guha
260 _aNew Delhi
_bRed Turtle
_c2017
270 _a7/16, Ansari Road, Daryaganj
_bNew Delhi
_e110002
300 _a44p.:
_c22cm(Hb)
_bcol.ill.
500 _aAirport
700 _aGuha, Tapas
942 _2ddc
_cCH
_mSEN
_h230.31